000 00306nam a2200145Ia 4500
100 _aSemyonov/L
650 _aGeneral
942 _cBK
654 _aManual
245 _aStorage Batteries Maintenance Manual
260 _bMir Publishers
_c1961
082 _a621.3
300 _a271
546 _aENGLISH
999 _c21902
_d21902